000 00328nam a2200133Ia 4500
008 100328s9999 xx 000 0 und d
082 _b36381
100 _aबांदोडकर व.पु.
245 _aदणका
260 _bप्रिया
630 _aदणका
730 _aदणका
942 _cBOOK
999 _c526061
_d526058